000 01221nam a22003617a 4500
003 CHAP
005 20220817040958.0
008 971013s1990 r 00010 d
010 _a3889
011 _a4861
035 _a4065
040 _cCHAP
090 _aFolleto 12633
100 0 0 _aCota Agromont, Oscar.
_928553
245 _aGuía para cultivar maíz en el sur de Sonora
260 _aCd. Obregón, Son. :
_bINIFAP. Centro de Investigaciones Forestales y Agropecuarias,
_c1990
300 _a28 p.
_b: ilus
490 _aFolleto para productores
_v; 22
500 _aD51-216
500 _aTituto varía: Guía para producir maíz en el sur de Sonora
590 _aBATCH-UPD
_b10
_c20130110
_lUCH01
_h0222
590 _aBATCH-UPD
_b10
_c20130110
_lUCH01
_h1734
590 _aBATCH-UPD
_b10
_c20130409
_lUCH01
_h2242
590 _aBATCH-UPD
_b10
_c20130914
_lUCH01
_h1423
590 _aCONVERSION
_b10
_c20130109
_lUCH01
_h1303
650 1 4 _aMaíz
_xRendimiento.
_971051
650 1 4 _aMaíz
_xSonora.
_971063
830 0 _aFolleto para productores
_v; 22
901 _aBK
942 _cFOLL
949 _aFolleto 12633
_bBC
_cFOLL
_d-115766
_eTS2
_fc.2
_i4065
_si
949 _aFolleto 12633
_bBC
_cFOLL
_d-13596
_eTS1
_i4065
_si
999 _c3889
_d3889